Player Scramble - VCT 2024 Americas #1 - Statistics

General Stats
  • This quiz has been taken 371 times
  • The average score is 21 of 30
Answer Stats
Hint Answer % Correct
zelssil Zellsis
100%
bosotio Boostio
98%
cm0 C0M
97%
tex tex
96%
eeui eeiu
94%
yic icy
94%
essl Less
94%
nsf FNS
93%
tam mta
92%
zuyt tuyz
92%
gejmawo jawgemo
91%
zetn TenZ
90%
uasna Asuna
86%
bgan bang
75%
erzwma mwzera
75%
xnda xand
71%
aizmn mazin
68%
uakls Klaus
66%
najpoh JonahP
62%
ekrerd Derrek
56%
pxaaep Xeppaa
55%
alapl Palla
52%
loceysrcl Cryocells
48%
tan1p Pa1nt
44%
tirvoc Victor
44%
hlilka Khalil
39%
poaht Apoth
36%
osmeo moose
35%
izilza liazzi
28%
ampnues supamen
19%
No matching quizzes found
Score Distribution
Percent of People with Each Score
Percentile by Number Answered
Your Score History
You have not taken this quiz